000 00618nam a2200229Ia 4500
003 OSt
005 20220918212056.0
006 a|||||r|||| 00| 0
007 ta
008 220917b |||||||| |||| 00| 0 eng d
024 _a127,108
037 _cTextual
040 _aARTS
_cARTS
_beng
041 _2eng
_aeng
082 _aX.3.N7, M0
245 0 _aAlternative economic strategy
_b A response by the labour movement to the economic crises
260 _aLondon
_bCSE Books
_c1980
300 _a143p.
_ccm.
650 _aECONOMICS
942 _hX.3.N7, M0
_cTEXL
_2CC
999 _c250250
_d250250